000 00542nam a2200205Ia 4500
003 OSt
005 20251024141924.0
008 210210b1973 xxu||||| |||| 00| 0 eng d
040 _cAL
041 _aKannada
082 _aK894.3 RAMV
100 _aRamarav T K
_9199542
110 _aರಾಮರಾವ್ ಟಿ ಕೆ
_9242691
245 _aVarna chakra
_b: ವರ್ಣ ಚಕ್ರ
260 _aBengaluru
_bHamsadhvani Prakashana
_c1973
300 _a250p
690 _aKannada Fiction
_9199543
906 _a030069
942 _2ddc
_cBK
999 _c81263
_d81263